| 000 | 00737nam a2200229 a 4500 | ||
|---|---|---|---|
| 001 | 26535 | ||
| 003 | CO-ViMGA | ||
| 008 | 141112s2004 ck r 000 u spa d | ||
| 020 | _a9681672763 | ||
| 040 |
_aCO-ViMGA _bspa _cCO-ViMGA |
||
| 090 | _aC PRA2 | ||
| 100 | 1 |
_aPratt, Pierre _93610 |
|
| 245 | 1 | 0 |
_aMarcel y André / _cPierre Pratt ; ilustración Pierre Pratt ; traducción Juana Inés Dehesa |
| 260 |
_aMéxico : _bFondo de Cultura Económica |
||
| 300 | _a40 p. : il. ; 22 cm. | ||
| 490 | 0 | _aLos primerísimos | |
| 500 | _aTítulo original : Marcel et André | ||
| 650 | 1 | 4 |
_aCUENTOS INFANTILES CANADIENSES _93611 |
| 650 | 1 | 4 |
_aLIBROS ILUSTRADOS PARA NIÑOS _92001 |
| 700 | 1 |
_aDehesa, Juana Inés, tr. _93612 |
|
| 942 |
_2ddc _cBK |
||
| 999 |
_c9967 _d9967 |
||